<?xml version="1.0" encoding="UTF-8"?>
<record
    xmlns:xsi="http://www.w3.org/2001/XMLSchema-instance"
    xsi:schemaLocation="http://www.loc.gov/MARC21/slim http://www.loc.gov/standards/marcxml/schema/MARC21slim.xsd"
    xmlns="http://www.loc.gov/MARC21/slim">

  <leader>02459nam a2200301 a 4500</leader>
  <controlfield tag="001">000022381</controlfield>
  <controlfield tag="003">DO-SdBNP</controlfield>
  <controlfield tag="005">20210824113332.0</controlfield>
  <controlfield tag="007">000022381</controlfield>
  <controlfield tag="008">101006s2007    dr c          000 0 spa d</controlfield>
  <datafield tag="020" ind1=" " ind2=" ">
    <subfield code="a">9789945161021</subfield>
  </datafield>
  <datafield tag="040" ind1=" " ind2=" ">
    <subfield code="a">BPMSU</subfield>
    <subfield code="b">spa</subfield>
    <subfield code="c">BPMSU</subfield>
  </datafield>
  <datafield tag="082" ind1=" " ind2=" ">
    <subfield code="a">972.93053</subfield>
    <subfield code="b">P191s</subfield>
  </datafield>
  <datafield tag="245" ind1="0" ind2="4">
    <subfield code="a">Los Panfleteros de Santiago y su desaf&#xED;o a Trujillo /</subfield>
    <subfield code="c">selecci&#xF3;n y pr&#xF3;logo Edgar Valenzuela.</subfield>
  </datafield>
  <datafield tag="260" ind1=" " ind2=" ">
    <subfield code="a">Santo Domingo :</subfield>
    <subfield code="b">CPEP,</subfield>
    <subfield code="c">2007.</subfield>
  </datafield>
  <datafield tag="300" ind1=" " ind2=" ">
    <subfield code="a">172 p. :</subfield>
    <subfield code="b">il., retrs. ;</subfield>
    <subfield code="c">22 cm.</subfield>
  </datafield>
  <datafield tag="504" ind1=" " ind2=" ">
    <subfield code="a">Bibliograf&#xED;a: p. 169-170</subfield>
  </datafield>
  <datafield tag="505" ind1="0" ind2=" ">
    <subfield code="a">Presentaci&#xF3;n -- Introducci&#xF3;n -- EN EL INFIERNO DE LA -- El recuerdo de su voz -- Mi encarcelamiento -- El infierno tan temido y los panfleteros de Santiago -- La resistencia interna antes del 14 de junio de 1959 y Los Panfleteros de Santiago --Matanza de 24 j&#xF3;venes de Santiago en La 40 inicia etapa legal de la agrupaci&#xF3;n 14 de Junio -- Los Panfleteros de Santiago -- 1J4 De la apariencia a la esencia y Los Panfleteros de Santiago -- Los Panfleteros de Santiago -- Los Panfleteros -- Las Visitas de la t&#xED;a muerta -- OR&#xCD;GENES DE LA CONSPIRACI&#xD3;N -- Santiago a finales de los a&#xF1;os 50 -- Wenceslao Guill&#xE9;n (Wen) -- Wen Guill&#xE9;n y Los Panfleteros de Santiago -- Wenceslao Guill&#xE9;n, el Encuentro -- Wenceslao Guill&#xE9;n, Sus Comienzo -- Los Panfleteros de Santiago -- Los Panfleteros de Santiago -- Entrevista a Marcelo Berm&#xFA;dez -- Por Manuel Bueno y su salud -- Manuel Bueno (1 de 2) -- Manuel Bueno (2 de 2) -- Hasta siempre, Manuel Bueno -- El anonimato de Los Panfleteros -- EN TORNO A LOS PANFLETEROS -- Una calle para Wenceslao Guill&#xE9;n -- Respuesta a una calle para Wenceslao Guill&#xE9;n -- Una calle para Pedro Jaime Tineo Tejada -- Radham&#xE9;s G&#xF3;mez Pek&#xED;n respalda iniciativa -- Un parque para Los Panfleteros de Santiago -- Respuesta a un parque Los Panfleteros de Santiago -- Una tarja para Los Panfleteros de Santiago -- EP&#xCD;LOGO -- El analfabeto -- Datos biogr&#xE1;ficos de los autores -- Bibliograf&#xED;a -- Publicaciones de la Comisi&#xF3;n Permanente de Efem&#xE9;rides Patrias 2004-2007.</subfield>
  </datafield>
  <datafield tag="650" ind1=" " ind2="4">
    <subfield code="a">ACTIVIDADES CLANDESTINAS</subfield>
  </datafield>
  <datafield tag="650" ind1=" " ind2="4">
    <subfield code="a">VICTIMAS DE TORTURA</subfield>
  </datafield>
  <datafield tag="651" ind1=" " ind2="4">
    <subfield code="a">REP&#xDA;BLICA DOMINICANA</subfield>
    <subfield code="x">HISTORIA</subfield>
    <subfield code="y">ERA DE TRUJILLO, 1930-1961</subfield>
  </datafield>
  <datafield tag="700" ind1="1" ind2="2">
    <subfield code="a">Valenzuela, Edgar</subfield>
  </datafield>
  <datafield tag="710" ind1="2" ind2=" ">
    <subfield code="a">Comisi&#xF3;n Permanente Efem&#xE9;rides Patria</subfield>
  </datafield>
  <datafield tag="910" ind1=" " ind2=" ">
    <subfield code="a">Validado. Control de validad MFF</subfield>
  </datafield>
  <datafield tag="942" ind1=" " ind2=" ">
    <subfield code="2">ddc</subfield>
    <subfield code="c">BK</subfield>
  </datafield>
  <datafield tag="945" ind1=" " ind2=" ">
    <subfield code="a">Inventariado / 2017 VM</subfield>
  </datafield>
  <datafield tag="952" ind1=" " ind2=" ">
    <subfield code="0">0</subfield>
    <subfield code="1">0</subfield>
    <subfield code="2">ddc</subfield>
    <subfield code="4">0</subfield>
    <subfield code="7">0</subfield>
    <subfield code="8">CD</subfield>
    <subfield code="a">BPMET</subfield>
    <subfield code="b">BPMET</subfield>
    <subfield code="d">2015-08-05</subfield>
    <subfield code="e">Canje</subfield>
    <subfield code="l">0</subfield>
    <subfield code="o">972.93053 P191s</subfield>
    <subfield code="p">BPMSU15080042</subfield>
    <subfield code="r">2015-08-05</subfield>
    <subfield code="w">2015-08-05</subfield>
    <subfield code="y">BK</subfield>
  </datafield>
  <datafield tag="956" ind1=" " ind2=" ">
    <subfield code="a">VMATEO</subfield>
    <subfield code="b">10</subfield>
    <subfield code="c">20150805</subfield>
    <subfield code="l">BPMSU</subfield>
    <subfield code="h">00151</subfield>
  </datafield>
  <datafield tag="999" ind1=" " ind2=" ">
    <subfield code="c">8063</subfield>
    <subfield code="d">8063</subfield>
  </datafield>
</record>
